01693nam a22001937a 4500003001000000005001700010008004100027040001400068041000700082100001900089245005400108260003000162300001200192500005600204520116300260650002401423654001401447700003801461IT-MiCISF20230418115241.0230418b |||||||| |||| 00| 0 eng d cIT-MiCISF ait aPapa Francesco aEssere famiglia. bSorriso di Dio per l'umanità aMilano, bPaoline, c2022 app. 223 apastorale-familiare, catechesi, famiglia, magistero aIl volume propone il tema dell'amore per la famiglia, attraverso i testi delle Catechesi sulla famiglia di papa Francesco, frutto della sua amorosa e appassionata "contemplazione" della famiglia umana nella sua dimensione vocazionale e condizione esistenziale. A partire dalla famiglia di Nazaret, Francesco, con la sua narrazione sempre pertinente ed empatica, ci fa attraversare le identità dei protagonisti (madre, padre, figli, nonni, zii...), le reciproche interrelazioni e le responsabilità in ordine alla vita familiare, al compito formativo in rapporto alla società, alla cura del creato e ai valori, senza tralasciare gli aspetti "critici" con i quali fare i conti giorno per giorno. Ne risulta un affresco che attira e coinvolge la più variegata audience sul tema "famiglia", ritenuto dal Papa urgente e fondamentale per l'umanità. Il volume è arricchito dal commento di Mimmo Armiento che tesse, sullo sviluppo dei contenuti delle Catechesi di Francesco, un approccio alla bellezza e importanza della famiglia, nella vita umana, a partire da "Un sorriso...", ritenuto dall'Autore «nutrimento della coppia e grembo da cui nasciamo...» aPastorale-familiare aantologia acon il commento di Armiento Mimmo